[Event "AUTO-INT-774"]
[Site "http://www.queenalice.com/game.php?id=346376"]
[Date "2008.1.31"]
[Round "1"]
[White "Zoki"]
[Black "Kaka"]
[Result "1-0"]
[WhiteElo "1558"]
[BlackElo "1606"]

1. e4 d5 2. d3 e5 3. c4 c6 4. g3 h5 5. Qa4 Bd7 6. h4 Be6 7. Bg5 f6 8. exd5 Bg4
9. f3 Bf5 10. Be3 b6 11. g4 hxg4 12. fxg4 Bxg4 13. dxc6 Nd7 14. Bh3 Nc5 15. Bxc5
Bxc5 16. Bxg4 Qxd3 17. c7+ Kf7 18. Qd7+ Ne7 19. Qxd3 g6 20. h5 f5 21. hxg6+ Kxg6
22. Rxh8 Rxh8 23. Nf3 Rh1+ 24. Ke2 e4 25. Ne5+ Kg5 26. Nf7+ Kxg4 27. Qd7 Rh2+
28. Kd1 Rh1+ 29. Kc2 Rh2+ 30. Nd2 Ng6 31. c8=Q Be3 32. Qxf5+ 1-0

[Event "AUTO-INT-774"]
[Site "http://www.queenalice.com/game.php?id=346377"]
[Date "2008.1.31"]
[Round "1"]
[White "Kaka"]
[Black "Zoki"]
[Result "0-1"]
[WhiteElo "1598"]
[BlackElo "1541"]

1. e4 e5 2. d4 exd4 3. Bc4 c6 4. Qxd4 Qb6 5. Qe5+ Be7 6. Qxg7 Qb4+ 7. Nd2 d5 8.
exd5 cxd5 9. Bxd5 Bg4 10. Qxh8 Kf8 11. Qxh7 Be6 12. Qd3 Nc6 13. c3 Qc5 14. Ne4
Qa5 15. Bg5 Rd8 16. Bxe7+ Ncxe7 17. Ng5 Bxd5 18. Qh7 b5 19. Ne2 b4 20. b3 bxc3
21. O-O c2 22. Nf4 Qc3 23. Nxd5 Qg7 24. Qh5 Rxd5 25. Nh7+ Ke8 26. Qe2 Qxh7 27.
Qxc2 Qxc2 28. h3 Nf6 29. Rac1 Qxa2 30. Rb1 a5 31. Rfe1 a4 32. b4 Qc4 33. Rec1
Qf4 34. Rc2 Ne4 35. f3 Nd2 36. Ra1 Qd4+ 37. Kh2 Qxa1 0-1

[Event "joe chip"]
[Site "http://www.queenalice.com/game.php?id=347103"]
[Date "2008.2.2"]
[Round "-"]
[White "Zoki"]
[Black "shawan"]
[Result "1-0"]
[WhiteElo "1534"]
[BlackElo "907"]

1. e4 e5 2. Nf3 d6 3. c3 Bg4 4. Qa4+ Bd7 5. Qb4 Qc8 6. d4 d5 7. Qb3 dxe4 8. Nxe5
b6 9. Qxf7+ Kd8 10. Qxf8+ Be8 11. Bg5+ Nf6 12. Bxf6+ gxf6 13. Qxf6# 1-0

[Event "Let's Play Chess!"]
[Site "http://www.queenalice.com/game.php?id=347554"]
[Date "2008.2.2"]
[Round "-"]
[White "Zoki"]
[Black "capeleite"]
[Result "0-1"]
[WhiteElo "1614"]
[BlackElo "1879"]

1. e4 c5 2. Nf3 d6 3. d4 cxd4 4. Nxd4 Nf6 5. f3 e5 6. Bg5 exd4 7. Bxf6 Qxf6 8.
Bb5+ Bd7 9. Bxd7+ Nxd7 10. O-O d5 11. c3 Qb6 12. cxd4 Qxb2 13. Nd2 Qxd4+ 14. Rf2
Bc5 15. Qe2 Qxa1+ 16. Nf1 O-O 17. exd5 Rae8 18. Qd2 Re1 19. g4 Rxf1+ 20. Kg2
Rxf2+ 21. Qxf2 Bxf2 22. Kxf2 Rc8 23. d6 g5 24. Kg3 Rc2 25. h4 Qg1+ 26. Kh3 Rh2#
0-1

[Event "Let's Play Chess!"]
[Site "http://www.queenalice.com/game.php?id=347555"]
[Date "2008.2.2"]
[Round "-"]
[White "YouLoseSorry"]
[Black "Zoki"]
[Result "1-0"]
[WhiteElo "1531"]
[BlackElo "1591"]

1. e4 e5 2. Qf3 Nf6 3. Nh3 c6 4. Bc4 d5 5. exd5 cxd5 6. Bb5+ Bd7 7. Bxd7+ Qxd7
8. c4 e4 9. Qe3 Na6 10. d4 dxc4 11. Nd2 b5 12. Nxe4 Nxe4 13. Qxe4+ Be7 14. Qxa8+
Bd8 15. Ng5 O-O 16. Qe4 Re8 17. O-O Rxe4 18. Nxe4 Qxd4 19. Nc3 b4 20. Nb5 Qc5
21. a4 Bb6 22. Be3 Qc6 23. Rfe1 Nc5 24. Red1 g6 25. Bd4 Nxa4 26. Nxa7 Bxa7 27.
Bxa7 c3 28. Bd4 cxb2 29. Rab1 Qc4 30. Be5 h5 31. Rd8+ Kh7 32. Rh8# 1-0

[Event "Challenge"]
[Site "http://www.queenalice.com/game.php?id=347611"]
[Date "2008.2.3"]
[Round "-"]
[White "Zoki"]
[Black "SalsaQueen"]
[Result "0-1"]
[WhiteElo "1584"]
[BlackElo "1678"]

1. e4 e5 2. Nf3 d6 3. d3 Bg4 4. c4 Nc6 5. Qa4 Bd7 6. Bg5 f6 7. Be3 Nd4 8. Qb4
Nc2+ 9. Kd1 Nxb4 10. a3 Nc6 11. Nc3 a6 12. b4 Bg4 13. h3 Bxf3+ 14. gxf3 Nge7 15.
b5 axb5 16. cxb5 Na5 17. f4 exf4 18. Bxf4 Ng6 19. Be3 Ne5 20. a4 Qd7 21. f4 Ng6
22. f5 Ne5 23. Rb1 Qf7 24. d4 Nec4 25. Bf4 g5 26. Bxc4 Qxc4 27. Bd2 Qxd4 28. Ne2
Qxe4 29. Rb4 Qxh1+ 30. Be1 Qxh3 31. Re4+ Be7 32. Ng3 d5 33. Re3 Qg4+ 34. Kd2
Nc4+ 35. Kd3 Nxe3 36. Kxe3 Bc5+ 37. Kd2 O-O 38. b6 Bxb6 39. Ne2 Ba5+ 40. Nc3 d4
0-1

[Event "Challenge"]
[Site "http://www.queenalice.com/game.php?id=353162"]
[Date "2008.2.12"]
[Round "-"]
[White "Zoki"]
[Black "joaohumberto"]
[Result "0-1"]
[WhiteElo "1529"]
[BlackElo "1586"]

1. e4 e5 2. Nf3 Nc6 3. c3 d6 4. d4 f6 5. dxe5 dxe5 6. Qa4 Bd7 7. Bb5 a6 8. Bxc6
Bxc6 9. Qc4 Ne7 10. O-O b5 11. Qb4 a5 12. Qc5 Ng6 13. Qxc6+ Kf7 14. Qd5+ Qxd5
15. exd5 Rd8 16. Rd1 Bc5 17. b4 axb4 18. cxb4 Bxb4 19. Be3 Ne7 20. d6 cxd6 21.
Bb6 Rc8 22. Nbd2 Nd5 23. Rab1 Nc3 24. Rxb4 Nxd1 25. Rxb5 Nc3 26. Rb4 Nxa2 27.
Rb2 Rc1+ 28. Nf1 Ra8 29. g4 Nc3 30. h4 Raa1 31. Be3 Rxf1+ 32. Kg2 e4 33. Nh2
Rg1+ 34. Kh3 Nd1 35. Rb6 Ke6 0-1

[Event "Challenge"]
[Site "http://www.queenalice.com/game.php?id=353163"]
[Date "2008.2.12"]
[Round "-"]
[White "Zoki"]
[Black "joaohumberto"]
[Result "0-1"]
[WhiteElo "1544"]
[BlackElo "1571"]

1. d4 d5 2. Nf3 Nc6 3. c3 e6 4. Qa4 Bd7 5. Bg5 f6 6. Bf4 Bd6 7. Bxd6 cxd6 8. e4
Nce7 9. Bb5 a6 10. Bxd7+ Qxd7 11. Qxd7+ Kxd7 12. exd5 exd5 13. O-O Nf5 14. b4 h6
15. c4 dxc4 16. Nc3 Re8 17. a4 d5 18. Nxd5 Nge7 19. Nb6+ Kc6 20. a5 Kb5 21. Rfb1
Nc8 22. Nxc8 Rxc8 23. d5 c3 24. g4 Nd6 25. Nd4+ Kc4 26. Rd1 Kxb4 27. Nc2+ Kb3
28. Nd4+ Kb2 29. Rab1+ Ka2 30. Rb3 c2 31. Rc1 Nb5 32. Rd3 Kb2 33. Nb3 Nc3 34.
Rxc3 Rxc3 35. Kf1 Rxb3 36. Rxc2+ Kxc2 0-1

[Event "Let's Play Chess!"]
[Site "http://www.queenalice.com/game.php?id=355724"]
[Date "2008.2.20"]
[Round "-"]
[White "Kingswarrior"]
[Black "Zoki"]
[Result "1-0"]
[WhiteElo "1610"]
[BlackElo "1577"]

1. e4 c6 2. d4 d5 3. Nc3 Qa5 4. Bd2 e5 5. dxe5 d4 6. Nd5 Qc5 7. Nc7+ Kd8 8. Nxa8
Qxe5 9. Bd3 Nf6 10. f4 Qh5 11. Be2 Qe5 12. fxe5 Nxe4 13. Bf3 Nxd2 14. Qxd2 c5
15. Qf4 h6 16. Qxf7 Na6 17. c3 dxc3 18. Rd1+ Bd6 19. Rxd6+ Bd7 20. Qxd7# 1-0

[Event "Let's Play Chess!"]
[Site "http://www.queenalice.com/game.php?id=357283"]
[Date "2008.2.20"]
[Round "-"]
[White "Zoki"]
[Black "vanhoute"]
[Result "0-1"]
[WhiteElo "1572"]
[BlackElo "1499"]

1. e4 c5 2. c4 Nc6 3. Nf3 e6 4. Qa4 Nf6 5. e5 Ng4 6. h3 Nh6 7. Bd3 Nf5 8. Bxf5
exf5 9. d3 Be7 10. O-O d6 11. exd6 Qxd6 12. g3 Bd7 13. Bf4 Qxd3 14. Kg2 Nd4 15.
Nbd2 Bxa4 16. b3 Nxf3 17. Nxf3 Bc6 18. Rad1 Qxf3+ 19. Kg1 Qh1# 0-1

[Event "AUTO-ADV-810"]
[Site "http://www.queenalice.com/game.php?id=358021"]
[Date "2008.2.20"]
[Round "1"]
[White "Zoki"]
[Black "willianfc"]
[Result "0-1"]
[WhiteElo "1561"]
[BlackElo "1774"]

1. d4 d5 2. Nf3 e6 3. e3 Nf6 4. Bd3 c5 5. dxc5 Bxc5 6. O-O Qc7 7. Ng5 h6 8. Nf3
Nc6 9. c4 dxc4 10. Bxc4 Ng4 11. h3 Nge5 12. Nxe5 Nxe5 13. Qa4+ Bd7 14. Bb5 O-O
15. f4 Bxb5 16. Qxb5 Ng6 17. b4 Bb6 18. g4 Nxf4 19. h4 Ng6 20. g5 Nxh4 21. gxh6
Qg3+ 22. Kh1 Qg2# 0-1

[Event "AUTO-ADV-810"]
[Site "http://www.queenalice.com/game.php?id=358022"]
[Date "2008.2.20"]
[Round "1"]
[White "willianfc"]
[Black "Zoki"]
[Result "1-0"]
[WhiteElo "1790"]
[BlackElo "1567"]

1. e4 c6 2. d4 d5 3. e5 Qb6 4. c3 c5 5. h3 Bf5 6. Nf3 Nc6 7. Qa4 Qa5 8. Bb5 a6
9. Bxc6+ bxc6 10. Qxa5 cxd4 11. Nxd4 g6 12. Qc7 Nh6 13. Qxc6+ Bd7 14. Qxa8+ Bc8
15. Qxc8# 1-0

[Event "AUTO-ADV-810"]
[Site "http://www.queenalice.com/game.php?id=358023"]
[Date "2008.2.20"]
[Round "1"]
[White "Zoki"]
[Black "anandya"]
[Result "0-1"]
[WhiteElo "1551"]
[BlackElo "1876"]

1. e4 e5 2. Nf3 d6 3. d4 Nd7 4. d5 Nc5 5. Bd3 h6 6. b4 Nd7 7. c3 a6 8. Qa4 Be7
9. Bb5 Nf6 10. Nbd2 O-O 11. O-O Nb6 12. Qa5 axb5 13. Qxb5 Bd7 14. Qd3 Qe8 15. c4
Bg4 16. c5 Nc8 17. cxd6 cxd6 18. Ba3 Bxf3 19. Qxf3 Nb6 20. b5 Qxb5 21. Rab1 Qa6
22. Rfc1 Rfc8 23. Rxc8+ Rxc8 24. g4 Nc4 25. Nxc4 Rxc4 26. Rb4 Rxb4 27. Bxb4 Qxa2
28. h4 Qb1+ 29. Kg2 Qxb4 30. g5 Nxe4 31. gxh6 Bf6 32. Qh5 Qd2 33. h7+ Kh8 34.
Qf5 Qxd5 35. f3 Qd2+ 36. Kh3 Nf2+ 37. Kg3 Nh1+ 38. Kg4 Qg2+ 39. Kh5 Ng3+ 40. Kg4
Nxf5+ 41. Kxf5 Qg6# 0-1

[Event "AUTO-ADV-810"]
[Site "http://www.queenalice.com/game.php?id=358024"]
[Date "2008.2.20"]
[Round "1"]
[White "anandya"]
[Black "Zoki"]
[Result "1-0"]
[WhiteElo "1825"]
[BlackElo "1559"]

1. e4 d5 2. f3 dxe4 3. fxe4 Qd4 4. Nf3 Qxe4+ 5. Be2 Qg4 6. Rg1 Qh5 7. h3 Nc6 8.
d3 Nd4 9. Nbd2 Nxf3+ 10. Nxf3 f6 11. Be3 e5 12. Qd2 a5 13. a3 b5 14. Nh2 Qg6 15.
Bf3 Qg3+ 16. Bf2 Qxh2 17. Bxa8 b4 18. axb4 axb4 19. Qe3 Ne7 20. Be4 g6 21. Bg3
Qxg1+ 22. Qxg1 f5 23. Bxe5 Rg8 24. Bf3 Nd5 25. Bxd5 Bd6 26. Bxg8 Bxe5 27. Ra8
Kf8 28. Rxc8+ Kg7 29. Qc5 Bd6 30. Qd4+ Kh6 31. Qh4+ Kg7 32. Qxh7+ Kf6 33. Qf7+
Kg5 34. Bh7 b3 35. Qxg6+ Kf4 36. Qxf5+ Ke3 37. Qe4# 1-0

[Event "AUTO-ADV-810"]
[Site "http://www.queenalice.com/game.php?id=358025"]
[Date "2008.2.20"]
[Round "1"]
[White "Zoki"]
[Black "adilson_camargo"]
[Result "0-1"]
[WhiteElo "1580"]
[BlackElo "1916"]

1. Nf3 Nc6 2. d4 Nf6 3. c3 d5 4. Qa4 Bd7 5. e4 dxe4 6. Ng5 e6 7. Bb5 a6 8. d5
axb5 9. Qxb5 exd5 10. Qxb7 Be7 11. Bf4 Ra7 12. Qb5 Nd4 13. Qe2 Nxe2 14. Kxe2 Ng4
15. h3 Nxf2 16. Kxf2 Bxg5 17. Bxg5 Qxg5 18. Nd2 Qxd2+ 19. Kg1 Qxb2 20. Rd1 Rxa2
21. Rh2 Bxh3 22. Rxd5 Ra1+ 23. Rd1 Rxd1# 0-1

[Event "AUTO-ADV-810"]
[Site "http://www.queenalice.com/game.php?id=358026"]
[Date "2008.2.20"]
[Round "1"]
[White "adilson_camargo"]
[Black "Zoki"]
[Result "1-0"]
[WhiteElo "1868"]
[BlackElo "1554"]

1. d4 d6 2. c4 c5 3. d5 e6 4. e4 exd5 5. exd5 Qa5+ 6. Bd2 Qa6 7. Nc3 Nf6 8. Nf3
Bg4 9. h3 Bxf3 10. Qxf3 Be7 11. Bd3 O-O 12. O-O Nbd7 13. Nb5 Ne5 14. Qe2 Qa4 15.
b3 Qa6 16. Nc7 Qa3 17. Nxa8 Rxa8 18. Bc1 Qa5 19. Bg5 h6 20. Bd2 Qa6 21. Bc2 b5
22. Bc3 bxc4 23. Bxe5 dxe5 24. bxc4 e4 25. Bxe4 Nxe4 26. Qxe4 Re8 27. Rfe1 Qf6
28. Rad1 Qd6 29. Qc2 Rb8 30. a3 g6 31. Qa4 h5 32. Qxa7 Re8 33. a4 Kf8 34. Qa5
Bd8 35. Rxe8+ Kxe8 36. Qe1+ Be7 37. Ra1 Kf8 38. a5 Qa6 39. Qc3 f5 40. Qh8+ Kf7
41. Qh7+ Kf8 42. Qxg6 Qxg6 43. a6 Qf6 44. Ra2 Qe5 45. a7 Qe1+ 46. Kh2 Bd6+ 47.
g3 f4 48. a8=Q+ Ke7 49. Qg8 fxg3+ 50. fxg3 h4 51. Ra7+ Kf6 52. Rf7+ Ke5 53. Qe8+
Kd4 54. Qxe1 hxg3+ 55. Kg2 Kxc4 56. Qe6 Bb8 57. d6+ Kb5 58. Rb7+ Ka6 59. Rxb8
Ka7 60. Rh8 c4 61. Rh7+ Kb6 62. d7+ Kb5 63. d8=Q c3 64. Qd4 c2 65. Rh5# 1-0

[Event "Challenge"]
[Site "http://www.queenalice.com/game.php?id=358080"]
[Date "2008.2.20"]
[Round "-"]
[White "Zoki"]
[Black "Hapless"]
[Result "0-1"]
[WhiteElo "1586"]
[BlackElo "1638"]

1. e4 e6 2. c4 d5 3. cxd5 exd5 4. e5 Nc6 5. Qa4 Bd7 6. d4 Qh4 7. Bb5 a6 8. e6
fxe6 9. Nf3 Qe4+ 10. Kf1 Nf6 11. Ng5 Qxd4 12. Be3 Qxb2 13. Bxc6 Bxc6 14. Qd4 Ba3
15. Nxe6 Qb5+ 16. Kg1 Bd6 17. Nxg7+ Kf7 18. Nf5 Qe2 19. Nc3 Qg4 20. Nxd6+ cxd6
21. h3 Qxd4 22. Bxd4 Rhe8 23. g4 Re6 24. Kg2 h5 25. g5 Ne4 26. Nxe4 dxe4 27. Be3
Kg6 28. h4 Rd8 29. a4 d5 30. a5 d4 31. Bf4 e3+ 32. f3 e2 33. Rhe1 d3 34. Rad1
exd1=Q 35. Rxd1 Ba4 36. Ra1 Bc2 37. Bd2 Re2+ 38. Kf1 Rxd2 39. Ke1 Rh2 40. Rd1
Bxd1 41. Kxd1 Re8 42. f4 Re3 43. f5+ Kxf5 44. g6 Rg3 45. Ke1 Rg1# 0-1

[Event "Challenge"]
[Site "http://www.queenalice.com/game.php?id=360376"]
[Date "2008.2.24"]
[Round "-"]
[White "Zoki"]
[Black "bugeyewrx"]
[Result "0-1"]
[WhiteElo "1553"]
[BlackElo "1705"]

1. d4 d5 2. c3 Nf6 3. Nf3 g6 4. e3 Bg7 5. Bd3 O-O 6. O-O Bg4 7. h3 Bxf3 8. Qxf3
b6 9. e4 e5 10. dxe5 dxe4 11. Bxe4 Nxe4 12. Qxe4 c6 13. e6 Qd6 14. e7 Re8 15.
Re1 Bf6 16. h4 Rxe7 17. Qxe7 Bxe7 18. Rxe7 Qxe7 19. Bg5 Qe1+ 20. Kh2 Nd7 21. c4
Re8 22. Be3 Ne5 23. b3 Ng4+ 24. Kh3 Nxe3 25. fxe3 Rxe3+ 26. Kg4 Qg3# 0-1

[Event "AUTO-OPEN-1035"]
[Site "http://www.queenalice.com/game.php?id=362783"]
[Date "2008.2.28"]
[Round "1"]
[White "enzoiazo"]
[Black "Zoki"]
[Result "1-0"]
[WhiteElo "2131"]
[BlackElo "1543"]

1. d4 d5 2. Nf3 e6 3. e3 Nc6 4. Bd3 Qf6 5. O-O Nh6 6. Nbd2 Bd7 7. c3 O-O-O 8. b4
g5 9. b5 g4 10. bxc6 Bxc6 11. Ne5 g3 12. fxg3 Qg5 13. Ndf3 Qxe3+ 14. Bxe3 Bg7
15. Nxc6 bxc6 16. Qa4 f5 17. Qxc6 Ng4 18. Ba6+ Kb8 19. Rfb1# 1-0

[Event "AUTO-OPEN-1035"]
[Site "http://www.queenalice.com/game.php?id=362784"]
[Date "2008.2.28"]
[Round "1"]
[White "Zoki"]
[Black "enzoiazo"]
[Result "0-1"]
[WhiteElo "1577"]
[BlackElo "2129"]

1. e4 Nf6 2. Nc3 d5 3. e5 d4 4. Nb5 Ne4 5. f3 Nc5 6. b4 Nca6 7. Bb2 Nc6 8. Ne2
Naxb4 9. Bxd4 a6 10. c3 Nd3# 0-1

[Event "AUTO-OPEN-1035"]
[Site "http://www.queenalice.com/game.php?id=362805"]
[Date "2008.2.28"]
[Round "1"]
[White "jotasramos"]
[Black "Zoki"]
[Result "1-0"]
[WhiteElo "1327"]
[BlackElo "1586"]

1. e4 Nf6 2. Nf3 Nxe4 3. Bc4 d5 4. Bb5+ c6 5. Ba4 b5 6. Bb3 Bg4 7. d3 Bxf3 8.
Qxf3 Ng5 9. Qh5 Ne6 10. Nc3 g6 11. Qh3 Bg7 12. O-O O-O 13. Ne2 Ng5 14. Qg4 Bf6
15. Bxg5 Bxg5 16. Qxg5 e6 17. Qxd8 Rxd8 18. Nf4 Nd7 19. c4 dxc4 20. dxc4 bxc4
21. Bxc4 Ne5 22. Ba6 f6 23. Nxe6 Re8 24. Nc7 Rac8 25. Nxe8 Rxe8 26. Rae1 Rb8 27.
f4 Ng4 28. Re7 Rxb2 29. Rxa7 Rxa2 30. Rd1 f5 31. Rd8# 1-0

[Event "AUTO-OPEN-1035"]
[Site "http://www.queenalice.com/game.php?id=362806"]
[Date "2008.2.28"]
[Round "1"]
[White "Zoki"]
[Black "jotasramos"]
[Result "1-0"]
[WhiteElo "1579"]
[BlackElo "1351"]

1. e4 e5 2. Nf3 Bc5 3. Nxe5 Qh4 4. g3 Qf6 5. Ng4 Nh6 6. Nxf6+ gxf6 7. Qh5 d6 8.
Qxh6 Nc6 9. Qxf6 Be6 10. Qxh8+ Ke7 11. Qxa8 Nd4 12. Bd3 d5 13. exd5 Bxd5 14. c4
Bxh1 15. Bxh7 f5 16. d3 Nc2+ 17. Kf1 Nxa1 18. Bg5+ Kd6 19. Qd8+ Kc6 20. Qf6+ Bd6
21. Bxf5 Nc2 22. Qe6 Nd4 23. Be4+ Kc5 24. Qd5+ Kb6 25. Qxd4+ Ka5 26. Bxh1 c5 27.
Qxd6 b6 28. Bd2+ Ka4 29. b3# 1-0

[Event "AUTO-OPEN-1035"]
[Site "http://www.queenalice.com/game.php?id=362817"]
[Date "2008.2.28"]
[Round "1"]
[White "melr111"]
[Black "Zoki"]
[Result "1-0"]
[WhiteElo "1689"]
[BlackElo "1548"]

1. e4 c6 2. Nc3 d5 3. Bd3 Nf6 4. exd5 Nxd5 5. Nf3 Nxc3 6. dxc3 e6 7. O-O Bd6 8.
Bg5 Be7 9. Bxe7 Qxe7 10. Re1 O-O 11. Ne5 f6 12. Nc4 e5 13. Nd6 Qxd6 14. Bxh7+
Kxh7 15. Qxd6 Re8 16. Re4 Bf5 17. Rh4+ Kg8 18. Qc7 Nd7 19. Qxb7 a5 20. Qxc6 Rac8
21. Qd5+ Kf8 22. Rh8+ Ke7 23. Rxe8+ Rxe8 24. Qxa5 g5 25. b4 Bxc2 26. b5 Rb8 27.
a4 Nb6 28. Qb4+ Kd7 29. a5 Na8 30. c4 f5 31. b6 Rb7 32. Qd2+ Ke7 33. Qxc2 e4 34.
c5 Kd8 35. Qd2+ Rd7 36. Qxg5+ Kc8 37. Qxf5 Kd8 38. Qf8# 1-0

[Event "AUTO-OPEN-1035"]
[Site "http://www.queenalice.com/game.php?id=362818"]
[Date "2008.2.28"]
[Round "1"]
[White "Zoki"]
[Black "melr111"]
[Result "0-1"]
[WhiteElo "1559"]
[BlackElo "1644"]

1. e4 e5 2. Nf3 Nc6 3. c3 Nf6 4. d4 d6 5. d5 Ne7 6. c4 c6 7. dxc6 Nxc6 8. Bd3
Be7 9. O-O b6 10. a3 Nd4 11. Nxd4 exd4 12. b4 Bb7 13. Qf3 O-O 14. Bf4 Rc8 15.
Nd2 g6 16. Bg5 Kg7 17. h4 Nh5 18. g4 Bxg5 19. gxh5 Bxh4 20. hxg6 fxg6 21. Qh3
Qg5+ 22. Kh2 Qf4+ 23. Qg3 Bxg3+ 24. fxg3 Qxd2+ 25. Kg1 Qe3+ 26. Kh1 Qxd3 27.
Rad1 Bxe4+ 28. Kg1 Qxg3# 0-1